Diversity in Paul's eschatology : (Record no. 34023)
[ view plain ]
| 000 -LEADER | |
|---|---|
| fixed length control field | 01204nam a2200265 4500 |
| 008 - FIXED-LENGTH DATA ELEMENTS--GENERAL INFORMATION | |
| fixed length control field | 080408s2007 ii b 000 0 eng |
| 020 ## - INTERNATIONAL STANDARD BOOK NUMBER | |
| International Standard Book Number | 8172149786 :Php500.00 |
| 020 ## - INTERNATIONAL STANDARD BOOK NUMBER | |
| International Standard Book Number | 9788172149789 |
| 041 0# - LANGUAGE CODE | |
| Language code of text/sound track or separate title | eng |
| -- | gre |
| 090 ## - LOCALLY ASSIGNED LC-TYPE CALL NUMBER (OCLC); LOCAL CALL NUMBER (OCLC) | |
| Classification number (OCLC) (R) ; Classification number, CALL (RLIN) (NR) | BS2655.E7 |
| Local cutter number (OCLC) ; Book number/undivided call number, CALL (RLIN) | So1 |
| -- | 2007 |
| 100 1# - MAIN ENTRY--PERSONAL NAME | |
| Personal name | Sobanaraj, S. |
| 245 10 - TITLE STATEMENT | |
| Title | Diversity in Paul's eschatology : |
| Remainder of title | Paul's view on the parousia and bodily resurrection / |
| Statement of responsibility, etc | S. Sobanaraj. |
| 260 ## - PUBLICATION, DISTRIBUTION, ETC. (IMPRINT) | |
| Place of publication, distribution, etc | Delhi : |
| Name of publisher, distributor, etc | ISPCK, |
| Date of publication, distribution, etc | 2007. |
| 300 ## - PHYSICAL DESCRIPTION | |
| Extent | xviii, 474 p. ; |
| Dimensions | 25 cm. |
| 500 ## - GENERAL NOTE | |
| General note | Originally presented as the author's thesis (doctoral--Serampore College, West Bengal, India, 2004) under title: Diversity in Paul's eschatology and its determinants: a study of selected eschatological themes in Paul's letters. |
| 504 ## - BIBLIOGRAPHY, ETC. NOTE | |
| Bibliography, etc | Includes bibliographical references (p. [432]-474). |
| 546 ## - LANGUAGE NOTE | |
| Language note | Includes some passages in Greek. |
| 600 14 - SUBJECT ADDED ENTRY--PERSONAL NAME | |
| Personal name | Jesus Christ |
| General subdivision | Resurrection. |
| 600 14 - SUBJECT ADDED ENTRY--PERSONAL NAME | |
| Personal name | Paul, |
| Titles and other words associated with a name | the Apostle, Saint |
| General subdivision | Theology. |
| 630 04 - SUBJECT ADDED ENTRY--UNIFORM TITLE | |
| Uniform title | Bible. |
| Name of part/section of a work | N.T. |
| -- | Epistles of Paul |
| General subdivision | Criticism, interpretation, etc. |
| 650 #4 - SUBJECT ADDED ENTRY--TOPICAL TERM | |
| Topical term or geographic name as entry element | Eschatology |
| General subdivision | Biblical teaching. |
| 951 ## - EQUIVALENCE OR CROSS-REFERENCE-GEOGRAPHIC NAME/AREA NAME [OBSOLETE] [CAN/MARC only] | |
| General subdivision | 00038727 |
| 710 22 - ADDED ENTRY--CORPORATE NAME | |
| Corporate name or jurisdiction name as entry element | I.S.P.C.K. (Organization) |
| 951 ## - EQUIVALENCE OR CROSS-REFERENCE-GEOGRAPHIC NAME/AREA NAME [OBSOLETE] [CAN/MARC only] | |
| -- | 33584 |
| -- | BS2655.E7/So1/2007 |
| -- | 100212141630265 |
| -- | 2000-12-21 |
| -- | GC |
| Withdrawn status | Lost status | Damaged status | Not for loan | Home library | Current library | Shelving location | Date acquired | Accession number | Shelving control number | Total Checkouts | Full call number | Barcode | Date last seen | Price effective from | Koha item type |
|---|---|---|---|---|---|---|---|---|---|---|---|---|---|---|---|
| BSOP Library | BSOP Library | GC | 12/21/2000 | 33584 | 127 | BS2655.E7/So1/2007 | 00038727 | 02/23/2013 | 02/23/2013 | Books |
